Statistics for Sekiro Trivia

Click here to take the quiz!

General Stats

  • This quiz has been taken 1,619 times
  • The average score is 11 of 15

Answer Stats

QuestionAnswer% Correct
Who does Wolf's power of resurrection come from?Kuro
91%
A Mikiri counter is when you parry a thrust by stepping on it, inflicting posture damage. Which boss can do this back to you?Father Owl
84%
In what area of the game do you fight the True Corrupted Monk?Fountainhead Palace
79%
Which of these is NOT a prosthetic tool?Hidden Dagger
79%
How many times does Wolf fight Genichiro Ashina?3
77%
What year was Sekiro released?2019
75%
What does the base Shinobi Axe prosthetic tool do, disregarding any upgrades?Breaks shields
74%
Which of these combat arts will not use up any of your 'spirit emblem' consumables?Ichimonji
71%
Sekiro also goes by the name of 'Wolf'. Which nickname does The Sculptor go by?Orangutan
71%
What happens when you obtain all three pieces of the Dancing Dragon Mask?Allows you to spend skill points to increase attack power
70%
Where is the tutorial level of the game set?Ashina Reservoir
65%
Before the bad ending of the game, you fight Sword Saint Isshin, but he's called something else here, and looks and fights quite differently. What is the name above his health bar?Isshin Ashina
65%
How many endings does Sekiro have?4
61%
During the very first instance that you can eavesdrop, what are the soldiers talking about?A shinobi, presumably you
61%
Which skill tree contains a skill that increases how much sen (money) you acquire?Temple Arts
55%

Score Distribution

Percentile by Number Answered

Percent of People with Each Score

Your Score History

You have not taken this quiz